书目信息 |
| 题名: |
化学实验技术
|
|
| 作者: | 丁敬敏 主编 | |
| 分册: | 上册 | |
| 出版信息: | 北京 化学工业出版社 2007.08 |
|
| 页数: | 254页 | |
| 开本: | 26cm | |
| 丛书名: | ||
| 单 册: | ||
| 中图分类: | O6-33 | |
| 科图分类: | ||
| 主题词: | 化学实验--hua xue shi yan--高等学校--技术学校--教材 | |
| 电子资源: | ||
| ISBN: | 978-7-122-00834-3 | |
| 000 | 00858nam0 2200253 450 | |
| 001 | 012008483109 | |
| 005 | 20080513161455.45 | |
| 010 | @a978-7-122-00834-3@dCNY27.00 | |
| 100 | @a20080512d2007 em y0chiy0120 ea | |
| 101 | 0 | @achi |
| 102 | @aCN@b110000 | |
| 105 | @aak a 000yy | |
| 106 | @ar | |
| 200 | 1 | @a化学实验技术@Ahua xue shi yan ji shu@h上册@f丁敬敏主编@Fding jing min zhu bian |
| 210 | @a北京@c化学工业出版社@d2007.08 | |
| 215 | @a254页@c图@d26cm | |
| 300 | @a高职高专“十一五”规划教材 | |
| 320 | @a有书目 (第254页) | |
| 330 | @a本书主要内容包括:化学实验室基本知识、化学实验基本操作技术、化学实验基本测量技术、混合物分离纯化技术等。 | |
| 606 | 0 | @a化学实验@Ahua xue shi yan@x高等学校@x技术学校@j教材 |
| 690 | @aO6-33@v4 | |
| 701 | 0 | @a丁敬敏@Ading jing min@4主编 |
| 801 | 0 | @aCN@bQSSK@c20080513 |
| 905 | @b710650-52@dO6-33@eD534:1@f3 | |
| 化学实验技术.上册/丁敬敏主编.-北京:化学工业出版社,2007.08 |
| 254页:图;26cm |
| 高职高专“十一五”规划教材 |
| ISBN 978-7-122-00834-3:CNY27.00 |
| 本书主要内容包括:化学实验室基本知识、化学实验基本操作技术、化学实验基本测量技术、混合物分离纯化技术等。 |
| ● |
| 相关链接 |
|
|
|
正题名:化学实验技术
索取号:O6-33/D534:1
 
预约/预借
| 序号 | 登录号 | 条形码 | 馆藏地/架位号 | 状态 | 备注 |
| 1 | 710650 | 207106503 | 自科库401/401自科库 61排2列2层/ [索取号:O6-33/D534:1] | 在馆 | |
| 2 | 710651 | 207106512 | 自科库401/401自科库 61排2列2层/ [索取号:O6-33/D534:1] | 在馆 | |
| 3 | 710652 | 207106521 | 自科库401/401自科库 61排2列2层/ [索取号:O6-33/D534:1] | 在馆 |